Practical risk theory for actuaries
Guardado en:
| Autor principal: | |
|---|---|
| Otros Autores: | , |
| Formato: | Libro |
| Lenguaje: | inglés |
| Publicado: |
London
Chapman & Hall
1994
|
| Colección: | Monographs on statistics and applied probability
53 |
| Materias: | |
| Etiquetas: |
Sin Etiquetas, Sea el primero en etiquetar este registro!
|
MARC
| LEADER | 00000nam$a2200000$$$4500 | ||
|---|---|---|---|
| 001 | 0048554 | ||
| 005 | 20240111124526.5 | ||
| 020 | |a 0-412-42850-4 | ||
| 041 | 0 | |a eng | |
| 044 | |a GB | ||
| 245 | 1 | 0 | |a Practical risk theory for actuaries |c C.D. Daykin, T. Pentikäinen, M. Pesonen |
| 264 | 1 | |a London |b Chapman & Hall |c 1994 | |
| 300 | |a 546 s. | ||
| 490 | 1 | |a Monographs on statistics and applied probability |v 53 | |
| 830 | 0 | |a Monographs on statistics and applied probability |v 53 | |
| 610 | 2 | 0 | |a matematika poistná |
| 610 | 2 | 0 | |a riziko poistné |
| 610 | 2 | 0 | |a modely stochastické |
| 610 | 2 | 0 | |a simulácia stochastická |
| 610 | 2 | 0 | |a pravdepodobnosť |
| 100 | 1 | |a Daykin, C.D. | |
| 700 | 1 | |a Pentikäinen, T. | |
| 700 | 1 | |a Pesonen, M. | |